Undergraduate instrumental analysis
Salvato in:
| Autori principali: | , , |
|---|---|
| Natura: | Libro |
| Lingua: | inglese |
| Pubblicazione: |
Boca Ratón
CRC Press
2014
|
| Edizione: | 7a. ed |
| Soggetti: | |
| Tags: |
Aggiungi Tag
Nessun Tag, puoi essere il primo ad aggiungerne!!
|
MARC
| LEADER | 00000cam a2200000 a 4500 | ||
|---|---|---|---|
| 001 | UCC0538 | ||
| 003 | CL-VaPUC | ||
| 008 | 170818e20140000us |||||||||||||||||eng|d | ||
| 020 | |a 9781420061352 | ||
| 082 | 0 | 4 | |a 543.08 |b ROB |2 21 |
| 100 | 0 | |a Robinson, James W |e author |9 594532 | |
| 700 | 0 | |a Frame, Eileen M. Skelly |e author |9 594533 | |
| 700 | 0 | |a Frame, George M |e author |9 594534 | |
| 245 | 1 | 0 | |a Undergraduate instrumental analysis |
| 250 | |a 7a. ed | ||
| 300 | |a 1231 p | ||
| 942 | |c BK | ||
| 945 | |d 20170818 15:36:00 |a dcastane | ||
| 260 | |a Boca Ratón |b CRC Press |c 2014 | ||
| 650 | 0 | |a Análisis instrumental |9 271773 | |
| 650 | 0 | |a Espectroscopía |9 306791 | |
| 583 | |a last modification |c 20170818 15:36:00 |k Rodrigo Vera | ||
| 999 | |c 369347 |d 369345 | ||
| 952 | |0 0 |1 0 |3 erd |4 0 |6 543_080000000000000_ROB_2014 |7 0 |8 A |9 485101 |a BIBCUR |b BIBCUR |i 5416191 |l 2 |o 543.08 ROB 2014 |p 5416191 |r 2025-04-22 |s 2023-06-12 |w 2019-11-24 |y BK |z Catalogado en:20170818 |k QUI | ||
| 952 | |0 0 |1 0 |3 erd |4 0 |6 543_080000000000000_ROB_2014 |7 0 |8 A |9 485102 |a BIBCUR |b BIBCUR |i 5416183 |l 1 |o 543.08 ROB 2014 |p 5416183 |r 2025-04-22 |s 2023-05-24 |w 2019-11-24 |y BK |z Catalogado en:20170818 |k QUI | ||
| 952 | |0 0 |1 0 |3 erd |4 0 |6 543_080000000000000_ROB_2014 |7 0 |8 A |9 485103 |a BIBCUR |b BIBCUR |i 5416175 |l 1 |o 543.08 ROB 2014 |p 5416175 |r 2025-04-22 |s 2023-06-12 |w 2019-11-24 |y BK |z Catalogado en:20170818 |k QUI | ||